000 00718nam a22002177a 4500
003 UA-OsUOA
001 32999
007 ta
008 20050228b un ||||| |||| 00| 0 ukr d
090 _a94(477)092
_bУ45
942 _cBK
040 _aUA-OsUOA
_brus
_cUA-OsUOA
_dUA-OsUOA
245 _aСоветская Украина в период кореннного перелома в ходе Великой Отечественной войны (ноябрь1942г.- 1943г.)
_cИ. Д.Назаренко И. И.Вивдиченко В. Я.Головкин
300 _a511 с.
_bІлюстрації
955 _a0
041 _arus
080 _a94(477)092
044 _aUA
650 7 _2UDC
999 _c319455
_d319455